00680nam a22002057a 4500003000400000005001700004008004100021020001500062040002900077050002300106100003100129245003600160250001200196260002700208300001100235650003700246942001500283952015900298999001700457OSt20250715132346.0250715b |||||||| |||| 00| 0 eng d a0071151443 cChuka University Library aHG 4026 .B667 2003 aBrealey, Richard A.919462 aPrinciples of corporate Finance a7th ed. aUSAbMcGraw-Hillc2003 a1071p. a1. Corporation--Finance. 919463 2lcccBKn0 00102lcc40708LGLaCHKbPGcGENd2025-07-01eDonation from Books for Africa l0oHG 4026 .B667 2003p26522/2025r2025-07-15 13:25:06t1w2025-07-15yBK c19373d19373